LEADER 00933nam a2200253 u 4500 001 000000018141 003 CaOOAMICUS 005 20070226110636.0 008 941215s1973 it u000 u eng u 035 $a10424905 040 $aPUL$bita 100 1 $aLevine, Etan.$0(OLS)http://pul/name/1460 245 14$aThe Aramaic version of Ruth. 260 $aRome :$bBiblical Institute Press,$c1973. 300 $ax, 146 p. ;$c24 cm 490 1 $aAnalecta biblica ;$v58 500 $aComprende indici. 630 04$aBiblia.$pV.T.$pRuth.$lAramaico.$0(OLS)http://pul/subject/12635 850 $aPUL 852 $aPUL$W1$xSL Religione 1$y3$m10(4) A 58$j25556$nBK-PRI$b $qStampati$B25556$CPULBib$Z2$F25556 $H $81 941 1 $a8 961 $aINV: 40036 996 $6245$aThe Aramaic version of Ruth$9(OLS)http://pul/title/25898 996 $6260$aRome :$bBiblical Institute Press$9(OLS)http://pul/publisher/48224 LEADER 01349nam a2200337 u 4500 001 000000044477 003 CaOOAMICUS 005 20070226114544.0 008 990427s1999 it u000 u ita u 020 $a8839405704 035 $a10821508 040 $aPUL(R)$bita 041 1 $aita$hger 100 1 $aSchrage, Wolfgang.$0(OLS)http://pul/name/13688 240 10$aEthik des Neuen Testaments.$lItaliano.$0(OLS)http://pul/title/59947 245 10$aEtica del Nuovo Testamento /$cWolfgang Schrage. 260 $aBrescia :$bPaideia,$c1999. 300 $a441 p. ;$c23 cm 490 1 $aIntroduzione allo studio della Bibbia.$aSupplementi ;$v4 500 $aInclude indici. 504 $aBibliografia in nota. 630 04$aBiblia.$pN.T.$xCommenti.$0(OLS)http://pul/subject/32 650 4$aTeologia morale.$0(OLS)http://pul/subject/1500 830 0$aIntroduzione allo studio della Bibbia.$pSupplementi ;$v4.$0(OLS)http://pul/title/41883 850 $aPUL 852 $aPUL$W1$xSL Religione 1$y3$m1 C 112.4$j59860$nBK-PRI$qStampati$B59860$CPULBib$Z2$F59860 $H79636 $82 941 1 $a8 961 $aINV: 79636 996 $6020$a8839405704$9(OLS)http://pul/number/55458 996 $6245$aEtica del Nuovo Testamento$9(OLS)http://pul/title/43499 996 $6260$aBrescia :$bPaideia$9(OLS)http://pul/publisher/47884